000 00579cam a22002053a 4500
001 43746
003 PGUSA
005 20140828084008.0
008 130916s2013||||xxu|||||s|||||000 | eng d
040 _aPGUSA
_beng
042 _adc
100 1 _aBródy, Sándor,
_d1863-1924
245 1 0 _aApró regények (1. kötet)
_h[electronic resource] /
_cSándor Bródy
260 _bProject Gutenberg,
_c2013
506 _aPublic domain in the USA.
516 _aElectronic text
830 0 _aProject Gutenberg
_v43746
856 4 0 _uhttp://www.gutenberg.org/ebooks/43746
942 _cEB
999 _c272997
_d272997